000 00322nam a22001337a 4500
008 171113b xxu||||| |||| 00| 0 eng d
020 _a9788131728031
041 _aeng
080 _a4 ED
100 _a53
101 _aMAN
245 _aINNOVATION MANAGEMENT AND NEW PRODUCT DEVELOPMNENT
_cPAUL.T
942 _2udc
_cBK
999 _c38258
_d38258